00293 2200133 4500001002100000005001500021035002000036245004100056300000800097260002200105082000800127084001200135990001200147INLIS00000000000212520250527111725 a0010-0525000417 aKamus Bahasa Indonesia /cYose Rizal a578 bAneka Ilmu,c2006 a413 a413 KAM a0713232